banner koha

O gênero Isabelia (Orchidaceae: Laeliinae) no estado do Paraná, Brasil (Registro n. 329884)

MARC details
000 -LÍDER
fixed length control field 02684nab a2200241 i 4500
003 - CÓDIGO MARC DA AGÊNCIA CATALOGADORA
Campo de controle BR-BrBNA
005 - DATA E HORA DA ÚLTIMA ATUALIZAÇÃO
Campo de controle 20250210115544.0
008 - CAMPO DE TAMANHO FIXO
fixed length control field 250210b2013 bl.qr|pooa||| 00| 0 por |
040 ## - FONTE DA CATALOGAÇÃO
Agência catalogadora BR-BrBNA
Idioma da catalogação por
072 ## - CATEGORIA AGRIS
Código AGRIS F70
100 ## - ENTRADA PRINCIPAL - NOME PESSOAL
Nome pessoal Engels, Mathias Erich
100 ## - ENTRADA PRINCIPAL - NOME PESSOAL
Nome pessoal Tardivo, Rosângela Capuano
245 ## - TÍTULO PRINCIPAL
Título principal O gênero Isabelia (Orchidaceae: Laeliinae) no estado do Paraná, Brasil
500 ## - NOTA GERAL
Nota geral Publicação on-line; 22 ref.; 4 illus.; Summaries (En, Pt)
942 ## - ADDED ENTRY ELEMENTS (KOHA)
Koha item type Analítica
520 ## - NOTA DE RESUMO
Nota de conteúdo <br/><br/>Resumo<br/><br/>Isabelia Barb. Rodr. é endêmico da América do Sul, constituído por três espécies e um nototáxon. No Brasil,<br/>são encontrados todos os táxons, distribuídos nos domínios fitogeográficos do Cerrado e da Mata Atlântica,<br/>nas Regiões Sul, Sudeste, Centro-oeste e Nordeste. Um estudo taxonômico do gênero Isabelia foi realizado no<br/>Paraná e os resultados revelaram a ocorrência de todas as espécies descritas: Isabelia pulchella (Kraenzl.) Van<br/>den Berg & M.W. Chase; Isabelia violacea (Lindl.) Van den Berg & M.W. Chase, Isabelia virginalis Barb.<br/>Rodr. e do nototáxon Isabelia × pabstii (Leinig) Van den Berg & M.W. Chase. São apresentadas chave de<br/>identificação, descrições morfológicas, mapa de distribuição geográfica, comentários, status de conservação<br/>e ilustrações dos táxons estudados.<br/><br/>Palavras-chave: América do Sul, flora do Paraná, nototáxon, taxonomia.<br/><br/><br/><br/><br/>Abstract<br/>Isabelia Barb. Rodr. is a South-american endemic genus, formed by three species and a nototaxon. All taxa are<br/>found in Brazil, distributed in the phytogeografic domain of the Cerrado and of the Atlantic Forest, in the South,<br/>Southeast, Center-west and in the Northeast regions. A taxonomic study of the Isabelia was presented in Paraná<br/>and the results revealed the occurrence of all the described species: Isabelia pulchella (Kraenzl.) Van den Berg<br/>& M.W. Chase; Isabelia violacea (Lindl.) Van den Berg & M.W. Chase, Isabelia virginalis Barb. Rodr. and the<br/>nototaxon Isabelia × pabstii (Leinig) Van den Berg & M.W. Chase. Identification key, morphological descriptions,<br/>geographic distribution, comments, status of conservation and illustration are presented of each species.<br/>Key words: South-America, flora of Paraná, nototaxon, taxonomic study.
650 ## - ASSUNTO - THESAGRO
Cabeçalho tópico ou nome geográfico FLORA
650 ## - ASSUNTO - THESAGRO
Cabeçalho tópico ou nome geográfico TAXONOMIA
650 ## - ASSUNTO - THESAGRO
Cabeçalho tópico ou nome geográfico ORCHIDACEAE
773 0# - ENTRADA ANALÍTICA
Host Biblionumber 709
Registro do item 348215
Imprenta Rio de Janeiro-RJ Jardim Botanico do Rio de Janeiro 1935
Outro identificador 2025-0704
Título Rodriguésia (Brazil)
ISSN 0370-6583; 2175-7860 on-line
Colação v. 64(2) p. 369-377; (2013)
Número de controle de registro BR2024004097
856 ## - ACESSO E ENDEREÇO ELETRÔNICO
Identificador uniforme de recurso - URI https://www.scielo.br/j/rod/a/Ftpz4RB6xQwsQ4xJB3ZyBDj/?format=pdf&lang=pt

Nenhum exemplar disponível.

BINAGRI

Telefone: (61)3218-2567/2388/3357/2097 - binagri@agro.gov.br

Ministério da Agricultura e Pecuária , Esplanada dos Ministérios, Bloco D, Anexo B, Brasília/DF, CEP: 70.043-900